| 000 | 00904nam a22002297a 4500 | ||
|---|---|---|---|
| 999 |
_c5808 _d5808 |
||
| 003 | GBCCL | ||
| 005 | 20241126110550.0 | ||
| 008 | 180409b ||||| |||| 00| 0 eng d | ||
| 020 | _a8172144946 | ||
| 020 | _a9788172144944 | ||
| 040 | _cGBC | ||
| 082 |
_a362.29 _bSUW |
||
| 100 |
_aSuwartic, Benjamin S _910511 |
||
| 245 |
_aDangerous drugs, drinks and tobacco / _cBenjamin S Suwartic; I.S.P.C.K. (Organization) |
||
| 260 |
_aDelhi : _bAshish Amos of Indian Society for Promoting Christian Knowledge, _c ©1999 |
||
| 300 |
_a71, [1] pages ; _b19 cm. |
||
| 440 |
_aDevelopmental education series, 81 _910512 |
||
| 505 | _aThe pestilence of narcotic -- Drugs on the playground -- Liquor is injurious -- Tobacco and smoking -- Pan masala -- Prohibition of addictions in religion. | ||
| 650 |
_aSubstance abuse -- India. _910513 |
||
| 650 |
_aSubstance abuse. _zIndia. _910514 |
||
| 942 |
_2ddc _cBK _013 |
||